[Event "Norway Chess 2nd"]
[Site "Stavanger"]
[Date "2014.06.12"]
[Round "8"]
[White "Karjakin, Sergey"]
[Black "Kramnik, Vladimir"]
[Result "1-0"]
[WhiteElo "2771"]
[BlackElo "2783"]
[Annotator "Karjakin,S"]
[PlyCount "143"]
[EventDate "2014.06.03"]
[EventType "tourn"]
[EventRounds "9"]
[EventCountry "NOR"]
[EventCategory "21"]
[SourceTitle "CBM 161"]
[Source "ChessBase"]
[SourceDate "2014.07.16"]
[SourceVersion "1"]
[SourceVersionDate "2014.07.16"]
[SourceQuality "1"]

{This game was played on the day after the rest day and I wanted to surprise
my opponent in the opening. But - as usually happens - I was the one to be
surprised. Diese Partie wurde nach dem Ruhetag gespielt und ich wollte meinen
Gegner in der Eröffnung überraschen. Aber – wie es gewöhnlich passiert – am
Ende wurde ich selbst überrascht.} 1. c4 e6 2. Nc3 d5 3. d4 Nf6 4. cxd5 exd5 5.
Bg5 c6 6. e3 h6 7. Bh4 Be7 {Black has played a rare variation and somewhere
about here I was floundering and having to improvise over the board. Schwarz
hat eine seltene Variante gespielt und irgendwo hier war ich bereits im
Schwimmen und musste am Brett improvisieren.} 8. Bd3 O-O 9. Qc2 Nh5 {This is
quite a rare move. But the position has practically not yet been seen at the
highest level. Das ist bereits ein ganz seltener Zug. Diese Stellung ist aber
auf höchstem Niveau praktisch noch nicht anzutreffen gewesen.} 10. Bxe7 Qxe7
11. Nf3 {It was safer to develop the knight to e2 but I had the idea of
bringing the bishop back to f1 and following up by long castling. Sicherer war
es, den Springer nach e2 zu entwickeln, aber mir kam die Idee, den Läufer
zurück nach f1 zu bringen und die lange Rochade folgen zu lassen.} Nf4 12. Bf1
Nd7 {The move is logical, but now the f4-knight no longer returns to h5. Der
Zug ist logisch, aber jetzt kehrt der Springer f4 schon nicht mehr nach h5
zurück.} 13. O-O-O Ng6 ({The mistaken Das verfehlte} 13... Nh5 {allows erlaubt}
14. g4) 14. h4 Qf6 15. Bd3 Nb6 {At this point I had already used up a heap of
thinking time and finally decided to simplify matters. Hier hatte ich schon
eine Masse Bedenkzeit verbraucht und traf schließlich die Entscheidung, das
Spiel zu vereinfachen.} 16. h5 ({The correct way was to maintain the tension
with Richtig war, die Spannung mit} 16. Kb1 {White then retains some pressure.
aufrechtzuerhalten. Weiß behält dann etwas Druckspiel.}) 16... Ne7 17. Rh4 Bf5
$1 {Everything would be splendid for White, if not for this move! Black
manages to exchange bishops and immediately equalises. Alles wäre prächtig für
Weiß, wenn dieser Zug nicht wäre! Schwarz kommt zum Läufertausch und gleicht
unverzüglich aus.} 18. Bxf5 ({Zu nichts führt} 18. Rf4 {leads nowhere.} Bxd3
19. Qxd3 Qe6 20. g4 f6 $11) 18... Qxf5 19. Qxf5 Nxf5 20. Rf4 Nd6 $11 {If the
Sofia rules had not been in force in this tournament, then we would soon have
agreed on a draw. In the meantime this result appears the most likely... Wenn
bei diesem Turnier nicht die Sofia-Regel gegolten hätte, dann wäre hier wohl
bald der Remisschluss erfolgt. Einstweilen bleibt dieses Resultat aber am
wahrscheinlichsten...} 21. Ne5 Rae8 22. Rh1 Re7 23. Kc2 Rfe8 24. b3 a5 25. a4
Na8 $1 {A good resource! Black transfers the knight to an active position.
Eine gute Ressource! Schwarz überführt den Springer in eine aktive Position.}
26. Nd3 Nc7 27. Rg4 Na6 28. Rf4 Ne4 29. Kb2 {At this point I already had less
than fifteen minutes on my clock and Black's wish to sharpen the play is
understandable. But it is Black who has to go over to the defensive. In diesem
Moment hatte ich schon weniger als fünfzehn Minuten auf der Uhr und der Wunsch
von Schwarz, das Spiel zu verschärfen, ist verständlich. Aber Schwarz ist es,
der zur Verteidigung übergehen muss.} Kh7 30. Nxe4 $1 {I am very satisfied
with the way I handled the part of the game from here to the time control.
Despite being short on time I managed to find some precise moves and force
Black to move on to the defensive. Ich bin sehr zufrieden damit, wie ich den
Abschnitt von hier an bis zur Zeitkontrolle behandelt habe. Ungeachtet meiner
Zeitknappheit konnte ich einige genaue Züge finden und Schwarz zwingen, zur
Verteidigung überzugehen.} dxe4 31. Ne5 Nb4 32. Rf5 c5 33. Rd1 {The ideal
square for the rook! Das ideale Feld für den Turm!} cxd4 ({Schlecht ist} 33...
Rd8 {is bad:} 34. Nc4 Nd3+ 35. Rxd3 $1 exd3 36. Rxc5 $16 {with total
domination! mit völliger Dominanz!}) 34. exd4 Rd8 35. Nc4 Nd3+ 36. Kc3 g6 37.
Rxa5 Nxf2 38. Re1 gxh5 {Taking the pawn is tempting, but he should advance his
pawns. Den Bauern zu schlagen ist verlockend, aber er sollte seine Bauern
vorrücken.} (38... f5 $1 {Although here White can also lay claim to a slight
superiority, the game in this case would most likely have finished a draw.
Obwohl Weiß auch hier ein geringes Übergewicht behauptet, wäre die Partie in
diesem Falle am ehesten remis ausgegangen.}) 39. d5 $1 {White uses the time to
push forward the d-pawn! Weiß nutzt die Zeit, um den d-Bauern vorzustoßen!} e3
$6 {Another tempting move, especially when both sides are in time trouble. But
Black absolutely had to bring his knight back into the game. Wieder ein
verlockender Zug, insbesondere in beiderseitiger Zeitnot. Aber Schwarz musste
unbedingt seinen Springer zurück ins Spiel bringen.} ({For example Zum Beispiel
} 39... Nd3 40. Rf1 Kg6 41. d6 Re6 42. Rb5 Rd7 43. Kd4 {is better for White,
but the whole struggle lies ahead of him. ist besser für Weiß, aber der
gesamte Kampf steht noch bevor.}) 40. Kc2 $1 {The last precise move before the
time control. White attacks the e3-pawn! As a result of disdvantageous
sharpening of the game, Black is now facing unpleasant tasks but my opponent
did not manage to change his way of thinking in time. He did not sense the
danger... Der letzte genaue Zug vor der Zeitkontrolle. Weiß greift den Bauern
e3 an! Im Ergebnis unvorteilhafter Verschärfungen steht Schwarz vor
unangenehmen Aufgaben, aber mein Gegner schaffte es nicht, sich rechtzeitig
umzustellen. Er fühlte die Gefahr nicht...} Ng4 $2 (40... Ne4 41. Rxe3 f5 42.
Rb5 $14 {was the best chance, but here too White has the pressure. war die
beste Chance, aber auch hier drückt Weiß.}) 41. d6 Re6 $6 {The transition to
passivity was his best chance. Der Übergang zur Passivität war die beste
Chance.} (41... Red7 {But here too Black's position would have been highly
unpleasant. Aber auch hier wäre die Lage von Schwarz höchst unangenehm gewesen.
} 42. Rxh5 $14) 42. Ra7 $1 $18 {Simple and strong! Black can no longer hold
the b7-pawn and White unexpectedly finds himself winning! Einfach und stark!
Schwarz hält jetzt den Bauern b7 nicht und unerwartet steht Weiß einfach auf
Gewinn!} Rf6 43. Re2 {Here it would have been possible to go in for a
sharpening of the play. But White's desire to play more safely is
understandable. Hier wäre es möglich gewesen, sich auf eine Verschärfung
einzulassen. Aber der Wunsch von Weiß, etwas sicherer zu spielen, ist
verständlich.} (43. Rxb7 $1 Rf2+ 44. Kc3 Rxg2 45. a5 h4 46. a6 Ra2 47. a7 h3
48. b4 h2 49. b5 $18) 43... b6 ({There was no saving grace with Keine Rettung
bedeutete} 43... Rd7 {for example: zum Beispiel:} 44. a5 Rf2 45. Kd3 Rf4 46. a6
Rxc4 47. Kxc4 b5+ 48. Kxb5 Rxa7 49. Kb6 Rd7 50. a7 Rxd6+ 51. Kc7 Rd2 52. Re1
Ra2 53. Kb7 f5 54. a8=Q Rxa8 55. Kxa8 f4 56. b4 Ne5 57. b5 $18) 44. Rb7 Rdxd6 {
Black has nothing better than conceding the exchange. But here of course White
must win.  Schwarz hat nichts Besseres als die Qualität zu geben. Aber hier
muss Weiß natürlich gewinnen.} 45. Nxd6 Rxd6 46. Rxf7+ Kg6 47. Rf1 Kg5 48. b4
h4 49. Kc3 $6 {This move does not give away the win but it does make it more
complicated. Dieser Zug vergibt den Sieg nicht, aber er verkompliziert ihn
gehörig!} (49. a5 bxa5 50. bxa5 Ra6 51. Ra1 Kf4 52. Kc3 {must be won for White.
muss gewonnen für Weiß sein.}) 49... Nf2 $1 {An unexpected resource!
Fortunately I was able to compose myself and find a forced way to the win. 
Eine unerwartete Ressource! Zum Glück konnte ich mich sammeln und einen
forcierten Gewinnweg finden.} 50. Rxe3 Nd1+ 51. Rxd1 Rxd1 52. Re5+ $1 {An
important check! Ein wichtiges Schach!} Kg4 {Nor do other moves save him, for
example: Auch andere Züge retteten nicht, zum Beispiel:} (52... Kg6 53. Re6+
Kg7 54. Rxb6 Rc1+ 55. Kb3 Rb1+ 56. Kc4 Rb2 57. Re6 Rxg2 58. Re3 $18) (52... Kf6
53. Rh5 $18) (52... Kf4 53. Re6 $18) 53. Re6 Rc1+ 54. Kb3 Kh5 55. Rxb6 {
Here White is already totally winning. Although I now started making a few
silly moves, I did not give away the win. There is simply too much leeway.
Hier steht Weiß bereits total auf Gewinn. Obwohl ich jetzt anfing, ein paar
komische Züge zu machen, vergab ich den Gewinn nicht mehr. Die Stellung hatte
einfach zu viel Luft nach oben.} Rg1 56. a5 Rxg2 57. a6 ({Einfacher war} 57.
Rb5+ {was simpler:} Kg4 58. a6 h3 59. a7 h2 60. a8=Q h1=Q 61. Qe4+ Kg3 62. Qg6+
Kf2 63. Rf5+ Ke1 64. Re5+ $18) 57... Rg3+ 58. Kc4 Rg4+ 59. Kd3 Rg8 60. Rb5+ Kg4
61. Ra5 h3 62. Ra2 Ra8 63. b5 h5 64. Ke3 Kg3 65. a7 h2 66. Rxh2 Kxh2 (66...
Rxa7 67. Rxh5 $18 {and the black king is too far away. und der schwarze König
ist zu weit weg.}) 67. b6 Kh3 (67... Kg2 68. b7 Rxa7 69. b8=Q Ra3+ {was
slightly more resilient, but here too White must win. war etwas hartnäckiger,
aber auch hier muss Weiß gewinnen.}) 68. b7 Rxa7 69. b8=Q Rg7 70. Qe5 Rg3+ 71.
Kf2 h4 72. Qe4 {Black resigned! It was pleasing to defeat such a technically
gifted player especially in the phase of the game which he is used to handling
best of all! Schwarz gab auf! Es war angenehm, einen so technisch beschlagenen
Spieler ausgerechnet in dem Stadium der Partie zu besiegen, das er am besten
zu behandeln pflegt!} 1-0

[Event "Tashkent FIDE GP"]
[Site "Tashkent"]
[Date "2014.10.28"]
[Round "7"]
[White "Karjakin, Sergey"]
[Black "Giri, Anish"]
[Result "1-0"]
[WhiteElo "2767"]
[BlackElo "2768"]
[Annotator "Havasi,G"]
[PlyCount "83"]
[EventDate "2014.10.21"]
[EventType "tourn"]
[EventRounds "11"]
[EventCountry "UZB"]
[EventCategory "21"]
[SourceTitle "CBM 163"]
[Source "ChessBase"]
[SourceDate "2014.11.11"]
[SourceVersion "1"]
[SourceVersionDate "2014.11.11"]
[SourceQuality "1"]

1. Nf3 c5 {This move order gives White the chance of transposing to the
Sicilian.} 2. e4 e6 3. d4 cxd4 4. Nxd4 Nc6 5. Nc3 Qc7 6. Be3 a6 7. Qf3 {
Nowadays players want to avoid the well-analysed theoretical lines and play
less analysed lines. Karjakin has had many games in the usual lines, so he
decides to try something new. This Q move has been tried by many top players
like Caruana and Grischuk. White will follow up with 0-0-0 and will have ideas
in connection with Qg3, which puts pressure on the g7-pawn.} Ne5 {Black wants
to disturb White's queen and plays this typical move. This move is a novelty
at the highest level.} ({Wang Yue preferred to play} 7... b5 {and had a good
position after} 8. Nxc6 Qxc6 9. O-O-O Bb7 10. Bd3 Nf6 11. Bd4 b4 12. Bxf6 gxf6
13. Ne2 f5 (13... Rg8 $5 $15) 14. Ng3 Bg7 15. Kb1 Qc5 $36 {Grischuk-Wang Yue,
Beijing 2013}) (7... Nf6 {is the most popular move, Caruana won a nice game
against Rublevsky in 2011} 8. O-O-O Bb4 9. Nxc6 bxc6 10. Bd4 Bd6 11. Na4 O-O
12. g3 (12. Bxf6 $5 {was also good, but Caruana preferred to keep the bishop
pair} gxf6 13. Qxf6 Be5 14. Qg5+ Bg7 15. Bd3 $14) 12... Be5 13. Bb6 Qb8 14. Qe3
$1 d5 15. f4 Bc7 16. e5 Nd7 17. Bd4 $1 $14 {Caruana-Rublevsky, Olginka 2011})
8. Qg3 h5 {Giri said "I played the worst line possible." However this move
isn't so bad. Black continues disturbing the queen and wants to chase the
queen away from its active position on g3. On the other hand 8...b5 seems more
natural, but it's hard to tell which move is better.} (8... b5 {would be the
most natural move, which has never been played, but in my opinion future
tournament practice will soon tell us a lot about the evaluation of this
position.}) 9. f3 $146 {White wants to prepare Qf2 after ...h4.} (9. O-O-O {
was played before} h4 10. Qh3 Bb4 11. f4 Ng6 12. f5 Ne5 $13 {Vucinic-To,
Kavala 2014}) 9... b5 (9... h4 {was also possible to try to be consistent and
make use of the P on h5. White's Q is active on g3, as it prevents Bb4.} 10.
Qf2 Bb4 11. Bd2 Nf6 {with unclear play.}) 10. O-O-O d6 (10... h4 {was again
possible with the same idea.}) 11. f4 $5 {White decides to start an attack in
the centre.} ({In the event of a normal move like} 11. Kb1 {Black can play} b4
12. Nce2 Nc4 {with good counterplay.}) 11... Ng4 12. e5 dxe5 $2 {This move is
a serious mistake.} (12... Nxe3 $1 {was better} 13. Qxe3 d5 {and the game is
very unclear, both sides have chances. Black will try to make use of his
strong P structure and start an attack on the queenside, while white will try
to get some initiative on the kingside.}) 13. fxe5 {White recaptures, but
there was a stronger move.} (13. Ndxb5 $1 {was even better} axb5 14. Bxb5+ Ke7
{and there is the strong} 15. fxe5 $1 $40) 13... Nxe3 14. Qxe3 Bd7 {Black has
survived so far, but his position is full of weaknesses.} 15. Be2 g6 {Black
defends the h5-pawn and prepares a trick.} ({In the event of} 15... b4 {
White can play} 16. Rhf1 $1 (16. Ndb5 {is also possible, but 16.Rhf1 is
stronger} axb5 17. Nxb5 Qc6 $1 18. Rxd7 Bc5 $1 19. Qf3 Qxf3 20. Bxf3 Kxd7 21.
Bxa8 $14) 16... Nh6 (16... bxc3 17. Qf3 $18) 17. Nd5 $1 exd5 18. e6 $40) ({
If Black gives up the h5 P, White is better after} 15... Be7 16. Bxh5 $1 Nh6
17. Kb1 $16) 16. Qf3 $1 {A very strong move by Karjakin.} Rc8 17. Rhf1 Rh7 18.
Kb1 $1 {This move is always useful.} (18. a4 $5 {was also good despite being a
bit strange} Qxe5 (18... b4 19. Ne4 Qxe5 20. Bxa6 $40) 19. axb5 Bc5 (19... axb5
20. Bxb5 $18) (19... Bb4 20. b6 $18 (20. Qb7 Bxc3 21. bxc3 $16)) 20. Qe4 Qxe4
21. Nxe4 axb5 22. Bxb5 Bxb5 23. Nxb5 $36) 18... Bb4 $1 {Black develops with
tempo.} (18... Qxe5 $2 {loses to} 19. Qb7 $1 $40) 19. Ne4 Qxe5 20. h4 {A very
interesting idea by Karjakin. He wants to place the knight on g5, where it
would be very strong, but Black has a way to prevent it.} (20. Qd3 $1 {was
better; White wants to play Nf3-g5, which would destroy Black's position.})
20... f5 $2 {This move is a serious mistake; it's hard to tell why Giri played
this move.} (20... Be7 $1 {was the only move to prevent Ng5, after which the
most of White's advantage evaporates} 21. Qd3 Qc7 22. Nf3 Bc6 23. Neg5 Bxf3 $1
24. Rxf3 Bxg5 25. hxg5 Ne7 $13) 21. Ng5 Re7 22. Qb7 $1 (22. c3 {was also
possible} Bc5 23. Rfe1 $36 {with great pressure against the Ps, but the move
played by Karjakin is even stronger.}) 22... Bc5 23. Ngf3 (23. Nxf5 $1 {
was also good} exf5 24. Rxd7 $40) (23. Ndf3 $5 {was also a very nice way of
developing a serious attack} Qc7 (23... Qxe2 24. Rfe1 Qc4 25. Ne5 $18) 24. Qxc7
Rxc7 25. Ne5 $40) 23... Qc7 24. Qxa6 Bxd4 $1 25. Nxd4 Kf8 $1 {At first glance
the black position is under serious pressure, but the position isn't quite so
simple. Black should have enough counterchances in the event of accurate play.
White threatened to play Nxb5, this move was directed against it.} 26. c3 Nf6
$6 {A logical move, but this move simply gives up the b5-pawn.} (26... Rb8 $1 {
was a very strong move to defend the pawn, because if White takes the pawn,
the rook will attack White's piece on b5 and will have serious threats with ...
Qc5.} 27. Nxb5 (27. Bxb5 Bxb5 28. Nxb5 Qc4 $132) 27... Qc5 $1 28. c4 Bc6 $44)
27. Bxb5 Bxb5 28. Qxb5 e5 $2 {This move would be good positionally, but there
is a refutation.} (28... Ne4 {was better and White is better, but he will have
to work hard to convert his advantage into a win.}) 29. Qa6 $1 {This is the
move missed by Giri.} Kg7 (29... Kf7 30. Nb5 $18) 30. Ne6+ Rxe6 31. Qxe6 {
White is winning, the rest is a matter of technique.} Re8 32. Qd6 Qb7 33. Rfe1
$1 Re7 34. g3 (34. a4 {was also good} Ne4 35. Qb4 $18) 34... Ne4 35. Qb4 Qxb4
36. cxb4 Nxg3 37. b5 f4 38. b6 f3 39. Rg1 (39. a4 f2 40. a5 $18) 39... Ne2 40.
Rgf1 e4 41. a4 Ng3 42. Rf2 1-0